2000's Catch Phrases - Statistics

General Stats
  • This quiz has been taken 884 times
  • The average score is 5 of 8
Answer Stats
Hint Answer % Correct
That's what she ____ said
97%
Right back at ____ you
93%
Look in the ______ mirror
73%
Stop spazzing ___ out
71%
Your ___ mom
43%
Did you _______ just do that? seriously
40%
j_! k
38%
What you say is ____ ____ ____ what you are
23%
No matching quizzes found
Score Distribution
Percent of People with Each Score
Percentile by Number Answered
Your Score History
You have not taken this quiz